| 000 | 00924nam a22002297a 4500 | ||
|---|---|---|---|
| 005 | 20130805142750.0 | ||
| 008 | 111130s2009 ke a gr 000 0dspa d | ||
| 020 | _a9789280729627 | ||
| 041 | 0 | _aspa | |
| 082 | 0 | 4 |
_a362.5 _bP73i |
| 110 | 2 |
_aPrograma de las Naciones Unidas para el Medio Ambiente. _9565 |
|
| 245 | 1 | 3 |
_aLa integración de los vínculos entre pobreza y medio ambiente en la planificación nacional de desarrollo: _bun manual de buenas prácticas / _cPNUD-PNUMA. |
| 260 |
_aNairobi : _bUNDP : _bPNUMA. Iniciativa Pobreza - Medio Ambiente, _c2009. |
||
| 300 |
_ax, 132 p. : _bil. ; _c30 cm. |
||
| 500 | _aGlosario : p. 111-120. | ||
| 504 | _aIncluye bibliografía e índice. | ||
| 650 | 4 |
_aPobreza _x Aspectos ambientales. _91240 |
|
| 650 | 4 |
_aDesarrollo económico _x Aspectos ambientales. _91241 |
|
| 650 | 4 |
_aPobreza _x Aspectos ambientales _x Metodología. _91242 |
|
| 942 |
_2ddc _cImpreso |
||
| 949 | _a | ||
| 999 |
_c7519 _d7519 |
||